|
|
|
|
| LEADER |
00957naa a2200217 i 4500 |
| 001 |
publ25896 |
| 005 |
20230110083159.0 |
| 008 |
230110s2022 hu o 0|| Angol d |
| 020 |
|
|
|a 9789403537054; 9789403537108; 9789403537115
|
| 024 |
7 |
|
|a 33267995
|2 mtmt
|
| 040 |
|
|
|a SZTE Publicatio Repozitórium
|b hun
|
| 041 |
|
|
|a Angol
|
| 100 |
1 |
|
|a Nagy Csongor István
|
| 245 |
1 |
0 |
|a Final Conclusions
|h [elektronikus dokumentum] :
|b Application of EU Private International Law in Central Europe /
|c Nagy Csongor István
|
| 260 |
|
|
|a Kluwer Law International
|b Alphen aan den Rijn
|c 2022
|
| 300 |
|
|
|a 12
|
| 300 |
|
|
|a 509-520
|
| 490 |
0 |
|
|a Cross-Border Litigation in Central Europe: EU Private International Law Before National Courts
|
| 650 |
|
4 |
|a Jogtudomány
|
| 856 |
4 |
0 |
|u http://publicatio.bibl.u-szeged.hu/25896/1/cepilfinalconclusions.pdf
|z Dokumentum-elérés
|
| 856 |
4 |
0 |
|u http://publicatio.bibl.u-szeged.hu/25896/7/33267995_c%C3%ADmlap_tartalom.pdf
|z Dokumentum-elérés
|